[Event "Moscow Aeroflot op"]
[Site "Moscow"]
[Date "2002.02.07"]
[Round "5"]
[White "Kharlov, Andrei"]
[Black "Timofeev, Andrei"]
[Result "1/2-1/2"]
[WhiteElo "2638"]
[BlackElo "2320"]
[Annotator "Krasenkow,M"]
[PlyCount "84"]
[EventDate "2002.02.04"]
[EventType "swiss"]
[EventRounds "9"]
[EventCountry "RUS"]
[SourceTitle "CBM 088"]
[Source "ChessBase"]
[SourceDate "2002.03.21"]
[SourceVersion "1"]
[SourceVersionDate "2002.03.21"]
[SourceQuality "1"]

1. d4 Nf6 2. c4 g6 3. Nc3 d5 4. cxd5 Nxd5 5. e4 Nxc3 6. bxc3 Bg7 7. Bc4 O-O 8.
Ne2 c5 9. O-O Nc6 10. Be3 Na5 11. Bd3 b6 12. Rc1 Qc7 {A rare move (normal
continuations are} (12... cxd4) (12... Bb7) ({and} 12... e6) {). Its drawback
is that Black can hardly take on d4 now and his knight finds itself out of
play. The position after the text can also be reached through 10...Qc7 11.Rc1
Na5 12.Bd3 b6.} 13. h4 {A fresh approach by GM Andrei Kharlov. The idea is not
new but in this particular position it's a novelty. Practice had seen:} (13.
Qd2 Bb7 (13... e6 14. Bh6 {The most common continuation but two other moves
deserve serious attention:} (14. e5 Bb7 15. Ng3 f6 $6 16. exf6 Bxf6 17. dxc5
bxc5 18. Qe2 Bg7 19. Be4 Rac8 20. Rfd1 $14 {1-0 Toth,B-Estevez Morales,G/
Reggio Emilia 1974/EXT 2001 (40)}) (14. h4 $5 Bb7 15. h5 f5 16. f3 e5 17. hxg6
hxg6 18. Bg5 f4 19. Qe1 Rf7 20. g3 fxg3 21. d5 c4 22. Bb1 Bf6 23. Qxg3 Bxg5 24.
Qxg5 Raf8 25. Kg2 (25. f4 $1 exf4 26. Rf2 $16) 25... Bc8 26. Rf2 Nb7 27. Rh1
Qe7 28. Qh6 Qf6 $11 {0-1 Graf,A-Safin,S/Tashkent 1992/EXT 97 (49)}) 14... Bb7
15. Bxg7 Kxg7 16. Qg5 (16. Qe3 Rac8 17. f4 f5 18. exf5 $6 exf5 19. Qe5+ Kg8 $1
$15 {1/2-1/2 Szmacinska,G-Erenska,H/Augustow 1975/MCD (71)}) 16... Nc6 $1 (
16... h6 17. Qe3 Rad8 18. h4 Qe7 19. h5 cxd4 20. cxd4 g5 21. f4 $40 {1-0
Gligoric,S-Puc,S/Ljubljana 1960/MCD (38)}) (16... Qd8 17. Qg3 Rc8 18. h4 Nc6
19. Rfd1 cxd4 20. cxd4 Qe7 21. h5 Rfd8 22. Bb5 a6 23. Bxc6 Bxc6 24. d5 exd5 25.
Nd4 Bd7 26. Rxc8 Rxc8 27. exd5 $14 {1-0 Haik,A-Kappler,J/Cappelle 1988/EXT
2002 (35)}) 17. dxc5 Ne5 $1 18. cxb6 Qc5 19. Qg3 Nxd3 20. Qxd3 axb6 21. Qb1 Ra4
22. Ng3 Rfa8 23. Rfe1 Rxa2 24. Rc2 $11 {1/2-1/2 Furman,S-Gulko,B/Yerevan 1975/
URS-ch (32)}) (13... Rd8 14. h4 (14. Bh6 Bh8 15. Qe3 (15. Bf4 Qd7 16. d5 e5 17.
Bg3 Qe7 18. f4 c4 19. Bc2 Bg4 20. fxe5 Bxe2 21. Qxe2 Bxe5 22. Bxe5 Qxe5 23. Qf3
Rd7 24. Qf6 Qxf6 25. Rxf6 Rad8 26. Rcf1 Nb7 $11 {0-1 Helbing,M-Tietzen,S/
Kassel 2000/EXT 2001 (73)}) 15... Qd7 16. Rcd1 cxd4 17. cxd4 Bb7 18. d5 e6 19.
Nf4 exd5 20. exd5 Re8 21. Qg3 Be5 22. Rfe1 Qd6 23. Re3 Bxf4 24. Bxf4 Rxe3 25.
fxe3 Qxd5 26. Be2 Qxa2 27. Qg5 Qxe2 28. Rd8+ Rxd8 29. Qxd8+ Kg7 30. Be5+ Kh6 {
1/2-1/2 Vaganian,R-Sax,G/Budapest 1973/EXT 99 (30)}) (14. e5 Bxe5 $1 15. dxe5
c4) (14. f4 $5 Bg4 15. e5 {0-1 Mindt,O-Sperlich,S/Dortmund 1987/TD (57)}) 14...
Bb7 15. h5 Qd7 16. hxg6 hxg6 17. Rfd1 $6 (17. Bh6 Bh8 18. Qg5 $36) 17... Qa4
18. Bh6 Nc4 19. Bxc4 Qxc4 20. Bxg7 Kxg7 21. Ng3 Qe6 22. Qf4 cxd4 23. cxd4 Rac8
24. d5 Qf6 $11 {1/2-1/2 Vossen,K-Deutschmann,M/Ketsch 1978/EXT 99 (43)}) 14.
Bh6 (14. d5 e6 15. c4 Rad8 16. Bh6 Bxh6 17. Qxh6 b5 $5 18. cxb5 exd5 19. Ng3 c4
20. exd5 Bxd5 21. Bc2 f5 22. Rfe1 $14 {0-1 Campos Moreno,J-Ayza Ballester,J/
Monzon 1987/EXT 2002 (42)}) 14... Rad8 (14... cxd4 15. Bxg7 Kxg7 16. cxd4 Qd7
17. d5 $14 {1/2-1/2 Kaiser,W-Hirsch,A/Austria 1995/EXT 99 (41)}) 15. h4 (15.
Rfd1 e5 16. Bg5 Rd6 17. f4 exd4 18. cxd4 f5 $1 $13 {1-0 Karsa,L-Tompa,J/
Budapest 1976/MCD (43)}) (15. Bxg7 Kxg7 16. Qe3 (16. f4 f5 17. Qe3 fxe4 18.
Bxe4 Nc4 19. Qd3 Bxe4 20. Qxc4 Qc6 {0-1 Schmid,E-Zysk,R/Germany 1987/GER-chT 
(54)}) 16... e5 17. d5 c4 18. Bb1 Bc8 19. f4 exf4 20. Rxf4 Qe5 21. Qg3 f6 22.
Rcf1 Bd7 23. Bc2 Nb7 {1/2-1/2 Furman,S-Taimanov,M/Tbilisi 1959/URS-ch (29)}) (
15. d5 $5 c4 16. Bc2 e6 17. Bxg7 Kxg7 18. f4 exd5 19. e5 $44 {Jussupow,A})
15... Qd6 (15... Nc6 $142 16. d5 Ne5 $14 {Jussupow,A}) 16. d5 c4 17. Bc2 e6 $6
(17... e5) 18. Bxg7 Kxg7 19. f4 $1 f5 20. Nd4 $1 fxe4 21. dxe6 Nc6 22. f5 $1
Nxd4 23. cxd4 Qe7 24. Ba4 $1 Rxf5 25. Rxf5 gxf5 26. Qf4 $1 Bd5 27. Qe5+ Kg6 28.
Rc3 f4 29. h5+ {1-0 Jussupow,A-Tseshkovsky,V/Minsk 1987/URS-ch/[ChessBase] (29)
}) (13. f4 $5 {needs more tests as it has only been seen at a low level:} f5 (
13... e6 14. f5 $1 (14. Qe1 f5 15. dxc5 (15. Ng3 Bb7 16. Qe2 Rfd8 17. Rfd1 Qc6
$132 {0-1 Zafferrano,N-Lujan,M/Bento Goncalves 2000/EXT 2001 (59)}) 15... bxc5
16. Qf2 Rd8 17. Rfd1 c4 18. Bc2 Rxd1+ 19. Rxd1 Nc6 $11 {1/2-1/2 Livshits,
Z-Plum,M/Windsor Locks 1998/EXT 2002 (53)}) 14... exf5 15. exf5 Qe7 16. Rf3 Bb7
17. Rg3 Be4 18. Nf4 $36 {1-0 Radev,N-Merdinjan,A/Bulgaria 1973/Inf 15 (29)})
14. exf5 Bxf5 15. Bxf5 Rxf5 (15... gxf5 $5) 16. Ng3 Rd5 17. Qf3 e6 18. c4 Rdd8
19. dxc5 bxc5 20. Ne4 $14 {1/2-1/2 Uddenfeldt,D-Lekander,R/Skelleftea 1972/MCD
(29)}) (13. f3 $6 Bb7 14. Qe1 Qd7 15. Qf2 Rac8 16. Rfd1 cxd4 17. cxd4 Qa4 18.
Bb1 Rc4 $11 {0-1 Tsouros,G-Sax,G/Graz 1972/MCD (33)}) (13. Nf4 $5 Bb7 (13... e6
14. Qf3 $6 (14. e5) 14... Nc6 15. Qg3 Bb7 16. dxc5 Ne5 17. cxb6 axb6 18. Bb1
Nc4 $44 {0-1 Przewoznik,J-Jasnikowski,Z/POL 1992/CBM 29 ext (36)}) 14. e5 Rad8
(14... Qd7 15. h4 e6 16. h5 {1-0 Juhnke,K-Cordes,H/GER 1977/EXT 99 (37)}) 15.
Qg4 Nc6 16. Rfd1 e6 17. h4 Qd7 18. h5 cxd4 19. cxd4 Nb4 20. hxg6 hxg6 21. Qh4
Nxd3 22. Rxd3 Rc8 23. Rcd1 $36 {1-0 Kavalek,L-Tseshkovsky,V/Manila 1976/IZT 
(31)}) (13. e5 Be6 14. Qa4 Rfd8 15. f4 f5 16. c4 cxd4 17. Nxd4 Bd7 18. Qa3 Nc6
19. c5 $1 $14 {1-0 Cordes,H-Toshkov,T/Graz 1978/MCD (51)}) (13. d5 {is hardly
promising as it justifies ...Qc7:} c4 (13... e6 14. c4 f5 15. exf5 gxf5 16.
dxe6 Bxe6 17. Nf4 Bd7 18. Nd5 Qd8 19. Qh5 Be8 20. Qh3 Bg6 21. Bf4 $16 {1-0
Ernst,S-Beeke,B/Apeldoorn 2001/CBM 85 ext (39)}) (13... Nb7 $5) 14. Bc2 Rd8 15.
Nd4 e6 16. dxe6 fxe6 17. Bg5 Rf8 18. Qg4 e5 19. Qg3 Qc5 20. Ne2 Be6 $11 {
1/2-1/2 Bock,J-Petzold,L/Recklinghausen 1999/EXT 2000 (31)}) 13... Be6 $6 {
Grandmaster was certainly amazed seeing this move of his opponent. Provoking
d4-d5 is hardly worth a tempo.} 14. d5 Bd7 15. c4 {This is probably too slow.}
(15. h5 $5) 15... e5 16. h5 Nb7 17. Qd2 Rae8 18. f4 exf4 19. Bxf4 Be5 (19...
Nd6 20. Qe3 Be5 21. Bh6 Bg7 22. Bxg7 Kxg7 23. Qg3 $16) 20. Rf2 ({White could
reach a slightly better endgame by means of} 20. Bh6 Bg7 21. Bxg7 Kxg7 22. Qg5
Qe5 23. h6+ Kg8 24. Qxe5 Rxe5 25. Rf6 Rd8 26. Rcf1 Be8 27. Kf2 $14 {as the
black blockade on e5 is not solid enough. However, this didn't look like an
"appropriate punishment" for 13...Be6 and White decided to fight on in the
middlgame.}) 20... Bg4 21. hxg6 hxg6 22. Nc3 Bd7 23. Rcf1 Bxf4 24. Qxf4 {Still!
} Qxf4 25. Rxf4 Kg7 26. Rf6 {Alas, White has no pawn on h6; the fact that the
black f8 rook is tied to the defense of the f7 pawn doesn't bring White any
profit as he has no means to break through.} Re7 27. R1f4 Na5 28. Kf2 Bf5 29.
Rd6 Bd7 30. Kg3 Rc8 31. Rdf6 Bf5 32. Rd6 Bd7 33. Rf2 Nb7 34. Rdf6 Bf5 $6 {
This allows White to swap a pair of rooks and weaken Black's position.
Fortunately, Black maintains enough resources to hold his ground.} (34... Rf8
$142 {If} 35. Nb5 {then} Bxb5 36. cxb5 c4) 35. Rc6 $1 Bd7 36. Rxc8 Bxc8 37. Nb5
$1 a6 $8 38. Nc3 Nd6 {[%cal Yf7f5]} 39. Rb2 {It is now difficult for Black to
protect his b6 pawn so it must go forward!} b5 $1 (39... f5 40. Rxb6 fxe4 41.
Be2 Nf5+ 42. Kf4 Nd4 43. Rb2 $16 {[%csl Rc5,Gd5,Re4]}) (39... Kf6 $6 40. Rxb6
Ke5 41. Na4 Rc7 42. Kf3 $16 Kd4 $2 43. Rxd6 Kxd3 44. Nb6) (39... Rb7 $2 40. e5)
40. cxb5 c4 41. Bc2 axb5 42. Kf3 (42. Nxb5 {was insufficient in view of} Nxe4+
(42... Rb7 $6 43. a4 Bd7 44. e5) 43. Bxe4 Rxe4 44. Nd6 Rg4+ 45. Kf3 Bf5 46. Rb5
Rd4 47. Rc5 Be6 $1 48. dxe6 Rxd6 $11) (42. a4 $5 {could be met with} f5 $1 (
42... bxa4 $6 43. Rb6 Ne8 44. Bxa4 Nf6 45. Bc2 $16) {e.g.} 43. Nxb5 (43. axb5
fxe4) 43... Nxe4+ ({or} 43... Nxb5 44. axb5 (44. Rxb5 fxe4) 44... fxe4) 44.
Bxe4 Rxe4 (44... fxe4 45. Kf4 e3 46. Nc3 $16) 45. Nd6 c3 46. Rc2 Rg4+ 47. Kf3
Bd7 48. a5 Rd4 49. Rxc3 Rxd5 50. Nb7 Bb5 $11) 42... Bd7 $6 {After this move
White could continue fighting:} (42... Bd7 43. a4 $1 bxa4 44. Rb6 Nc8 45. Ra6
$14 {[%csl Gd5][%cal Yf3e3,Ye3d4]}) ({Instead, Black should have rather
immediately attacked the white center:} 42... f5 $142 $1 43. exf5 Bxf5 44. Bxf5
gxf5 45. Nxb5 Rb7 46. a4 c3 $11) 1/2-1/2

[Event "Corus-B"]
[Site "Wijk aan Zee"]
[Date "2002.01.22"]
[Round "7"]
[White "Peng, Zhaoqin"]
[Black "Nijboer, Friso"]
[Result "1-0"]
[WhiteElo "2460"]
[BlackElo "2574"]
[Annotator "Krasenkow,M"]
[PlyCount "53"]
[EventDate "2002.01.15"]
[EventType "tourn"]
[EventRounds "11"]
[EventCountry "NED"]
[EventCategory "11"]
[SourceTitle "CBM 087"]
[Source "ChessBase"]
[SourceDate "2002.03.21"]
[SourceVersion "1"]
[SourceVersionDate "2002.03.21"]
[SourceQuality "1"]

1. d4 Nf6 2. c4 g6 3. Nc3 d5 4. cxd5 Nxd5 5. e4 Nxc3 6. bxc3 Bg7 7. Bc4 c5 8.
Ne2 O-O 9. O-O Nc6 10. Be3 Bd7 ({If Black plays} 10... Bg4 11. f3 Bd7 {then
after} 12. Rc1 Rc8 13. Qd2 {several games saw} cxd4 14. cxd4 Qa5 {offering a
queen exchange, which leads to total equality. In the following stem game
White evaded the exchange:} 15. Qb2 Qb6 (15... Qb4 {is possible here, too}) 16.
Qd2 Qa5 {the same position repeated and White tries another attempt.} 17. Rc3
e5 18. d5 $6 (18. dxe5 Bxe5 19. Rd3 (19. Qxd7 Bxc3 20. Bxf7+ Kh8 21. Nxc3 Qxc3
22. Bf2 Qg7 $13) 19... Qxd2 20. Rxd2 Be6 {doesn't yield White any advantage
but after the text move he suffers material losses}) 18... Nd4 {[%cal Rc8c4]}
19. Nxd4 $2 (19. Rcc1 $142 Qxd2 20. Bxd2 Rxc4 21. Rxc4 Nxe2+ 22. Kf2 Bb5 $15)
19... exd4 20. Bxd4 (20. Rcc1 Qa4 $1) 20... Bxd4+ 21. Qxd4 b5 $19 {0-1
Gligoric,S-Milic,B/Belgrade 1948/EXT 2000 (40)}) 11. Rc1 Rc8 12. Qd2 cxd4 {
Black is trying to apply the above-mentioned idea but with the white pawn on
f2, which is rarely seen in practice. We'll see the difference.} (12... Qa5 {
is the main theoretical line.}) 13. cxd4 Qa5 14. Rc3 $1 $146 {In the earlier
games White didn't try to refute Black's idea:} (14. Qb2 Qb4 15. Bb3 e6 16. Rc4
Qd6 17. Qd2 b6 18. e5 Qa3 19. Bh6 Ne7 20. Ng3 Rxc4 21. Bxg7 Kxg7 22. Qg5 Ng8
23. Bxc4 Rc8 $36 {0-1 Tipary,L-Smyslov,V/Budapest 1949/MCD (51). (51)}) (14.
Qxa5 Nxa5 15. Bd3 e6 ({or} 15... b5 16. Nc3 Nc4 17. Bxc4 Rxc4 18. Nd5 e6 19.
Rxc4 bxc4 20. Nc3 f5 21. f3 Rb8 $11 {0-1 Franz,G-Enders,P/Passau 1998/EXT 99 
(48)}) 16. Rxc8 Rxc8 17. Rc1 Rxc1+ 18. Bxc1 Nc6 $11 {1/2-1/2 Luczynowicz,
W-Witkowski,S/Krakow 1953/EXT 2002 (59)}) (14. Rfd1 Qxd2 15. Rxd2 Na5 {1/2-1/2
Chasovnikova,E-Gkotski,A/Rimavska Sobota 1992/EXT 97 (36)}) 14... e5 15. dxe5
$1 Bxe5 (15... Nxe5 $2 16. Bxf7+ $1 Kxf7 17. Rxc8 Qxd2 18. Rxf8+ $18) 16. Qxd7
$1 Bxc3 $2 {This natural move leads to a difficult position for Black.} (16...
Rc7 $142 17. Bxf7+ $1 Rxf7 (17... Kh8 18. Qe6 Bxc3 (18... Re7 19. Rxc6 $1 Rxe6
20. Rxe6 Rxf7 21. Rxe5 $1) 19. Bd2 $3 Nd8 20. Qd6 $18) (17... Kg7 18. Qh3 Bxc3
19. Bh6+ Kxf7 20. Nxc3 Rd8 21. Nd5 $18) 18. Qe8+ Kg7 19. Rc5 Qxa2 20. Rxe5 Qxe2
21. Bc5 $1 Rf4 (21... Nxe5 22. Qxe5+ Kg8 23. Bd4 Kf8 24. Bxa7 $16) (21... Rcd7
22. Bf8+ $1 Rxf8 23. Qxd7+ Rf7 24. Qd5 Nxe5 25. Qxe5+ Kg8 $14) 22. Re6 Rcf7 23.
h3 $14) 17. Bxf7+ Kh8 18. Nxc3 Qxc3 {Now we see the difference from the
above-mentioned line with 10...Bg4 - the e3 bishop is not hanging!} 19. Bd5 $16
{[%csl Gd5,Ge3,Rh8] With a pair of bishops and Black's poor king in the corner,
White has a big advantage.} Ne5 (19... Nd4 20. Bh6 Ne2+ 21. Kh1 Rfd8 22. Qxb7
$16) 20. Qa4 Nc4 $4 {This loses a piece.} (20... Nc6 {was the only way to
fight on, although after} 21. Rc1 Qf6 22. f4 {Black has little chances to
survive.}) 21. Rc1 Qb2 22. Qb3 $1 Kg7 23. Bxc4 Qxb3 24. axb3 Rfd8 25. Ra1 Kf6
26. h4 Ke5 27. Rxa7 1-0

[Event "EU-ch 4th"]
[Site "Istanbul"]
[Date "2003.05.31"]
[Round "2"]
[White "Del Rio de Angelis, Salvador Gabriel"]
[Black "McShane, Luke J"]
[Result "0-1"]
[WhiteElo "2490"]
[BlackElo "2592"]
[Annotator "Krasenkow,M"]
[PlyCount "104"]
[EventDate "2003.05.30"]
[EventType "swiss"]
[EventRounds "13"]
[EventCountry "TUR"]
[SourceTitle "CBM 096"]
[Source "ChessBase"]
[SourceDate "2003.09.25"]
[SourceVersion "1"]
[SourceVersionDate "2003.09.25"]
[SourceQuality "1"]

1. d4 Nf6 2. c4 g6 3. Nc3 d5 4. cxd5 Nxd5 5. e4 Nxc3 6. bxc3 Bg7 7. Bc4 O-O 8.
Ne2 c5 9. O-O Nc6 10. Be3 Bd7 11. Rb1 a6 12. Qd2 {This is absolutely harmless.}
(12. dxc5 {is the only way for White to fight for advantage. We examined that
line in CBM95.}) 12... b5 13. Bd3 (13. Bd5 $5 cxd4 14. cxd4 e6 15. Bb3 Qa5 $6 (
15... Na5) 16. Qd3 $1 Rac8 17. f4 Qa3 18. f5 Nb4 19. Qd2 exf5 20. Ng3 $1 fxe4
21. Nxe4 Bf5 22. Rxf5 $1 gxf5 23. Nd6 $40 {1-0 Farago,I-Dub,Z/Budapest HUN
2003/The Week in Chess (29)}) 13... cxd4 14. cxd4 Qa5 15. Qxa5 Nxa5 $11 16.
Rfc1 Rfc8 17. d5 (17. f3 e5 18. Kf2 {1/2-1/2 Milov,V-Svidler,P/Frankfurt 1999/
EXT 2000 (18)}) 17... e6 18. Bb6 Nc4 19. Bxc4 Rxc4 20. Rxc4 bxc4 21. Bd4 exd5
22. Bxg7 Kxg7 23. exd5 {The endgame is equal but both opponents play it
inaccurately.} Kf6 $6 {Not the best route for the king.} (23... Bf5 $5 24. Rb2
Re8 {[%cal Yf5d3]}) 24. f4 Kf5 25. Kf2 Ke4 26. Rd1 Rc8 27. Rd4+ Kf5 28. Nc3 h5
29. Ke3 Kf6 {Ingloriously retreating.} 30. Rd2 h4 31. Ne4+ {A senseless check.}
(31. Kd4 $142 h3 32. g3 $14) 31... Ke7 32. Kd4 Bf5 33. Nc3 Rb8 {Black decides
to sac his weak pawn to activate his pieces.} 34. Kxc4 Kd6 35. Nd1 Be4 36. Nc3
Bf5 37. Re2 Rc8+ 38. Kd4 Rb8 39. a3 {Now White gives up his extra pawn to
activate his rook.} Rb3 40. Re8 (40. Re3 $5 Rb2 41. g4 $1 Bxg4 42. Ne4+ Kc7 43.
Rc3+ Kd8 44. h3 $14) 40... Rxa3 $6 {[%csl Ra3]} (40... Rb2 $142 $5) 41. Ra8 Ke7
42. Ra7+ Ke8 43. d6 Ra1 44. Re7+ Kd8 $6 (44... Kf8 45. Nd5 Rd1+ 46. Kc5 Rc1+
47. Kb6 Rb1+ $11) 45. Nd5 $6 ({Why not} 45. Rxf7 {?}) 45... Rd1+ 46. Ke5 $2 (
46. Kc5 {is insufficient for a win due to} Rc1+ 47. Kb6 Rb1+ 48. Kc6 Rc1+ 49.
Kb7 Rb1+ 50. Nb6 Be6 $11 {but the text move, met by a strong tactical trick,
leads to dangerous consequences for White.}) {[%tqu "En","What tactical trick
has Black got?","","","f7f6","",10]} 46... f6+ $1 47. Nxf6 Re1+ 48. Kd5 (48.
Kd4 Rxe7 49. dxe7+ Kxe7 50. Nd5+ Kd6 $17) 48... Rxe7 49. dxe7+ Kxe7 $17 {
[%csl Ga6,Gf5] In this classic endgame Black's bishop, together with his
outside passed pawn, guarantees him good winning chances. Taken aback, White
loses almost instantly.} 50. Nh7 (50. Ke5 $142) 50... a5 51. Ng5 Bg4 {[%cal
Ye7f6,Yf6f5]} 52. Ne4 h3 {White mistakenly resigned or lost on time?} ({After} 
52... h3 53. g3 $1 ({but not} 53. gxh3 $4 Bf3) 53... Bf3 54. Kd4 {White can
fight on as the pawn endgame is drawn:} Bxe4 $2 55. Kxe4 Ke6 56. Kd4 Kf5 57.
Kc5 Ke4 58. Kb5 Kf3 59. Kxa5 Kg2 60. g4 $11) 0-1

[Event "American Continental 2nd"]
[Site "Buenos Aires"]
[Date "2003.08.25"]
[Round "7"]
[White "Gulko, Boris F"]
[Black "Pierrot, Juan Facundo"]
[Result "1-0"]
[WhiteElo "2583"]
[BlackElo "2417"]
[Annotator "Krasenkow,M"]
[PlyCount "63"]
[EventDate "2003.08.17"]
[EventType "swiss"]
[EventRounds "11"]
[EventCountry "ARG"]
[SourceTitle "CBM 097"]
[Source "ChessBase"]
[SourceDate "2003.11.11"]
[SourceVersion "1"]
[SourceVersionDate "2003.11.11"]
[SourceQuality "1"]

1. d4 Nf6 2. c4 g6 3. Nc3 d5 4. cxd5 Nxd5 5. e4 Nxc3 6. bxc3 Bg7 7. Bc4 c5 8.
Ne2 Nc6 9. Be3 O-O 10. O-O Bd7 11. Rb1 a6 12. d5 {A rare but quite logical
move. White wants to create a strong centre and a kingside attack.} Na5 (12...
Ne5 $5 13. Bb3 Qc7 ({or} 13... Qc8 14. Kh1 Bb5 15. f4 Nc4 16. Bg1 a5 17. a4 Ba6
18. Qc1 e6 19. Rd1 Rd8 20. Ng3 exd5 21. exd5 Bh6 22. Ne4 Qf5 23. Nxc5 Bxf4 24.
Qc2 Qxc2 25. Bxc2 Nd2 26. Rb2 Nc4 27. Ra2 Ne3 28. Bxe3 Bxe3 29. Nxa6 Rxa6 30.
Rb2 Rf6 {1/2-1/2 Arlandi,E-Bakalarz,M/Plovdiv BUL 2003/The Week in Chess 467 
(30).}) {looks stronger, e.g.} 14. h3 e6 15. d6 (15. f4 c4 $1 16. Bc2 Nd3)
15... Qc6 16. Ng3 f6 17. Qd2 Nf7 18. Bc2 e5 (18... Ne5 19. Bb3 $11) (18... Rad8
$5 $15 {[%csl Rd6]}) 19. Qd5 Qxd5 20. exd5 b5 21. Ne4 Bf5 22. Bxc5 Rfd8 23. a4
Bxe4 24. Bxe4 f5 25. Bd3 e4 26. Be2 Nxd6 27. Bxd6 Rxd6 28. axb5 axb5 29. Bxb5
Bxc3 30. Rfc1 Be5 $11 {1/2-1/2 Djurhuus,R-Carlsen,M/Fredrikstad NOR 2003/The
Week in Chess 453 (40)}) 13. Bd3 Qc7 (13... Rc8 14. Qd2 e6 15. Bh6 exd5 16.
Bxg7 Kxg7 17. exd5 b5 18. Ng3 Qh4 19. Rfe1 $36 {1-0 Vaisser,A-Colovic,A/Ohrid
2001/CBM 84 (37). (36)}) 14. c4 $14 {Black has no sufficient compensation for
White's advantage in the centre; his a5 knight is still out of play and the b6
square is potentially weak.} Rab8 $6 {This allows White to push his pawn
avalanche.} (14... e5 $5) 15. Bf4 Be5 16. Bxe5 Qxe5 17. f4 Qc7 18. Nc3 b5 19.
e5 $1 Qd8 (19... bxc4 20. Bc2 $16 {In addition to his other problems, the dark
squares around Black's king (first of all, f6) are potentially weak (after
d5-d6). Still, Black should have played that, hoping at least to exchange
rooks along the b-file. The text move is even worse as White easily gets a
decisive attack.}) 20. cxb5 c4 21. Bc2 axb5 22. a3 Qb6+ 23. Kh1 Rfd8 24. Qe1 {
[%cal Yf4f5,Ye1h4]} f5 25. Qh4 {[%cal Yf1f3,Yf3h3]} Qc5 26. Rf3 Be8 27. Rh3 h5
28. Bxf5 $1 {This tactical blow ends the game.} b4 (28... gxf5 29. Qg5+ Kh7 30.
Rg3 $18) 29. Be6+ Kg7 30. axb4 Rxb4 31. Rf1 Rdb8 32. f5 1-0